Responses for Show #8182 - Tuesday, March 17, 2020

Contestants

[<< previous game]

Kris Sunderic, an adjunct professor from New York, New York

Nicole Economou, an OB/GYN from San Diego, California

Sid Katz, a retired school psychologist from Cherry Hill, New Jersey (whose 1-day cash winnings total $25,874)

[next game >>]

Jeopardy! Round responses

U.S. GEOGRAPHY
CLASSIC ROCK & ROLL QUOTES
ON TIME
(Alex: We're talking about on the cover of Time magazine.)
ABBREVIATED ABC
SIPPIN' ON GIN &/OR JUICE
THAT'S OLD SCHOOL
    $200 6
the Panhandle

Sid
    $200 12
George Harrison

Sid
    $200 26
Peanuts

Nicole
    $200 17
the American Broadcasting Company

Sid
    $200 11
prune juice

Nicole
    $200 1
Yale

Kris
    $400 3
Mount St. Helens

Sid
    $400 13
Jimi Hendrix

Sid
    $400 27
Hurricane Katrina

Kris
    $400 18
alcoholic drinks

Kris
    $400 22
lime

Sid
    $400 7
the University of Virginia

Triple Stumper
    $600 2
(Santa) Catalina

Sid
    $600 14
David Lee Roth

Triple Stumper
    $600 28
[The end-of-round signal sounds.]

Jared Kushner

Sid
    $600 19
(Kris: What is badminton?)
(Sid: What is boxing?)

bowling

SidKris
Triple Stumper
    $600 23
a Tom Collins

Sid
    $600 8
Trinity

Sid
    $800 4
the Finger Lakes

Nicole
    $800 15
Sting

Nicole
    $1,000 20
the Archbishop of Canterbury

Kris
    $800 24
(Kris: What is a Mai Tai?)
(Nicole: What is a Rob Roy?)
...
(Alex: Less than a minute now, Sid.)

a Singapore Sling

NicoleKris
Triple Stumper
    $800 9
the Sorbonne

Nicole
    $1000 5
(Sid: What is Pennsylvania and West Virginia?)

Illinois & Indiana

SidNicole
    $1000 16
David Bowie

Sid
    $1000 21
Always be closing

Kris
    $1000 25
wheat grass

Kris
    $1000 10
William & Mary

Sid

Scores at the first commercial break (after clue 15):

Sid Nicole Kris
$2,400 $3,600 $200

Scores at the end of the Jeopardy! Round:

Sid Nicole Kris
$4,600 $3,000 $2,600

Double Jeopardy! Round responses

MEDICINE MEN
CHARACTERS IN MOBY-DICK
& THEN WHAT HAPPENED?
ANIMAL PHRASES
ALLITERATIVE ACTRESSES
LANGUAGES & DIALECTS
    $400 5
a blood bank

Sid
    $400 14
Ahab

Kris
    $400 6
(Julius) Caesar

Kris
    $400 11
an oyster

Nicole
    $400 12
Gadot

Nicole
    $400 22
Arabic

Sid
    $800 4
stress

Nicole
    $800 15
clam chowder

Kris
    $800 8
the Incas

Sid
    $800 26
(Alex: Well accept that. And less than a minute now.)

"In a while, crocodile"

Nicole
    $800 13
Lucy Liu

Kris
    $800 23
(Kris: What is... Portugal?)
[Kris's response was accepted as correct and the decision was reversed after the break.]

Portuguese

Kris
Triple Stumper
    $1200 1
ulcers

Nicole
    $1200 16
Nantucket

Kris
    $1200 7
the telephone

Sid
    $1200 19
Holly Hunter

Sid
    $1200 24
Pennsylvania Dutch

Nicole
    $1600 2
cholera

Kris
    $1600 17
Starbuck

Kris
    $2,000 9
Dred Scott

Sid
    $1600 29
[The end-of-round signal sounds.]

vipers

Kris
    $1600 20
Marlee Matlin

Triple Stumper
    $1600 25
Farsi

Kris
    $4,200 3
(Kris: Who is Jarvik?)

Dr. Christiaan Barnard

Kris
    $2000 18
harpoonists

Sid
    $2000 10
Agincourt

Sid
    $2000 28
Get off your high horse

Nicole
    $2000 21
Parker Posey

Sid
    $2000 27
Rohingya

Kris

Scores at the end of the Double Jeopardy! Round:

Sid Nicole Kris
$16,600 $9,800 $9,600

[wagering suggestions for these scores]

Final Jeopardy! Round responses

U.N. MEMBERS
KrisWhat is China? (And who is going to hire this PhD?
$7,001
NicoleWhat is the Czech republic
$6,801
SidWhat is [something crossed out] Germany?
$3,400
China

Final scores:

Sid Nicole Kris
$13,200 $2,999 $16,601
2nd place: $2,000 3rd place: $1,000 New champion: $16,601

Game dynamics:

Coryat scores:

Sid Nicole Kris
$16,200 $9,800 $13,600
21 R
(including 1 DD),
2 W
13 R,
1 W
16 R
(including 1 DD),
4 W
(including 1 DD)

Combined Coryat: $39,600

[game clues] [game scores] [suggest correction]

Game tape date: 2020-01-15
The J! Archive is created by fans, for fans. Scraping, republication, monetization, and malicious use prohibited; this site may use cookies and collect identifying information. See terms. The Jeopardy! game show and all elements thereof, including but not limited to copyright and trademark thereto, are the property of Jeopardy Productions, Inc. and are protected under law. This website is not affiliated with, sponsored by, or operated by Jeopardy Productions, Inc. Join the discussion at JBoard.tv.